Actor-network theory and organizing

Αποθηκεύτηκε σε:
Λεπτομέρειες βιβλιογραφικής εγγραφής
Άλλοι συγγραφείς: Czarniawska, Barbara 1948- (Επιμελητής έκδοσης), Hernes, Tor (Επιμελητής έκδοσης)
Μορφή: Βιβλίο
Γλώσσα:English
Δημοσίευση: Malmo : Copenhagen : Liber ;, Copenhagen Business School Press, 2005
Θέματα:
Ετικέτες: Προσθήκη ετικέτας
Δεν υπάρχουν, Καταχωρήστε ετικέτα πρώτοι!

MARC

LEADER 00000nam a2200000 i 4500
001 1/79228
008 080328s2005 eng d
020 |a 87-630-0144-6 
020 |a 91-47-07481-7 
035 |l 10095913 
040 |a GR-MY-UA  |b gre  |e aacr 
041 0 |a eng 
082 0 |a 658.4  |2 (22) 
245 1 0 |a Actor-network theory and organizing /  |c edited by Barbara Czarniawska & Tor Hernes 
260 |a Malmo :   |a Copenhagen :   |b Liber ;,   |b Copenhagen Business School Press,   |c 2005 
300 |a 356 σ.;  |c 23 εκ. 
650 0 0 |a Organization. 
700 1 |a Czarniawska, Barbara  |d 1948-  |4 edt 
700 1 |a Hernes, Tor.  |4 edt 
852 |a INST  |b SAMOS  |e 20080328  |h 658.4 ACT  |p 005300026645  |q 005300026645  |t BK  |y 0 
901 |a BIBL3-2008-1 
909 |a Σ  |b 142518 
922 |a 3ΕΛΗ  |b 200802  |c ΕΠΕΑΕΚ2/ΤΜΠΕΣ  |d ΠΑΠΑΣΩΤΗΡΙΟΥ 
970 |a ΡΟΥΣΣΟΥ  |b ΚΩΝΣΤΑΝΤΙΝΑ  |z 2008/03/28